000 00473nam a2200169Ia 4500
999 _c26383
_d26383
003 OSt
005 20201208110842.0
008 190216s9999||||xx |||||||||||||| ||und||
040 _coclc
082 _a894.812
_bMEN/P
100 _aMenon, Asha
_97046
245 0 _aPrathirodhangal /
_cAsha Menon
260 _bNational Book Stall,
_aKottayam:
_c1987.
300 _a143p
650 _aVimarshanam
942 _cBK
_2ddc
_h894.812
_iMEN/P
_k894.812
_mMEN/P